000 00200 a2200109 4500
020 _a9780822550594
041 _aspa
100 _aRobin Nelson
245 _aLas Verduras
942 _cBK
952 _71
999 _c21159
_d21159